Champions et vice-champions de Formule 1 (de 1980 à 1999) - Statistiques

Statistiques générales
  • Ce quiz a été pris 1 709 fois
  • Le résultat moyen est 34 sur 40
Statistiques - réponses
Saison Champion / Vice-champion % Correct
1983 Alain Prost (57)
99%
1984 Alain Prost (71,5)
99%
1986 Alain Prost (72)
99%
1985 Alain Prost (73)
99%
1990 Alain Prost (73)
99%
1989 Alain Prost (81)
99%
1988 Alain Prost (87)
99%
1993 Alain Prost (99)
99%
1989 Ayrton Senna (60)
99%
1993 Ayrton Senna (73)
99%
1990 Ayrton Senna (78)
99%
1988 Ayrton Senna (90)
99%
1991 Ayrton Senna (96)
99%
1995 Michael Schumacher (102)
99%
1997 Michael Schumacher (78)
99%
1998 Michael Schumacher (86)
99%
1994 Michael Schumacher (92)
99%
1996 Jacques Villeneuve (78)
94%
1997 Jacques Villeneuve (81)
94%
1998 Mika Häkkinen (100)
94%
1999 Mika Häkkinen (76)
94%
1995 Damon Hill (69)
91%
1994 Damon Hill (91)
91%
1996 Damon Hill (97)
91%
1984 Niki Lauda (72)
90%
1981 Nelson Piquet (50)
89%
1980 Nelson Piquet (54)
89%
1983 Nelson Piquet (59)
89%
1987 Nelson Piquet (73)
89%
1992 Nigel Mansell (108)
88%
1987 Nigel Mansell (61)
88%
1986 Nigel Mansell (70)
88%
1991 Nigel Mansell (72)
88%
1982 Keke Rosberg (44)
74%
1980 Alan Jones (67)
61%
1999 Eddie Irvine (74)
47%
1982 Didier Pironi (39)
33%
1992 Riccardo Patrese (56)
33%
1981 Carlos Reutemann (49)
27%
1985 Michele Alboreto (53)
22%
Aucun quiz correspondant
Distribution des résultats
% des personnes avec chaque résultat
Percentile par nombre de réponses
Votre historique - résultats
Vous n’avez pas pris ce quiz